000 01864cam a22004334i 4500
003 PE-LiUPU
005 20250731175645.0
008 150616s r 000 0 d
020 _a0664254071
035 _a(Sirsi) i9780664254070
040 _aPE-LiUPU
_bspa
_cPE-LiUPU
_erda
049 _aPRUA
082 0 4 _a492.4
_bL54
_221
100 1 _aLevenson, Jon Douglas,
_eautor.
245 1 4 _aThe Hebrew Bible, the Old Testament, and Historical Criticism.
264 1 _aLouisville, Kentucky :
_bWestminster/John Knox Press,
_c1993.
300 _a188 páginas ;
_c23 centímetros
336 _atext
_2rdacontent
337 _aunmediated
_2rdamedia
338 _avolume
_2rdacarrier
505 0 _aThe Hebrew bible, the Old Testament, and historical criticism -- Why Jews are not interested in biblical theology -- The eighth principle of judaism and the literary simultaneity of scripture -- Theological consensus or historicist evasion? -- Historical criticism and the fate of the enlightenment project -- Exodus and liberation.
526 _aP145
526 _aP127
526 _aP97
526 _aP35
526 _aP14
526 _aP07
630 _aBiblia.
_pA.T.
_xCríitica, interpretation, etc., Judíos.
630 _aBiblia.
_pA.T.
_xCrítica, interpretación, etc.
630 _aBiblia.
_pA.T.
_xHermenéutica.
650 0 4 _aCrítica Historica (Literatura).
910 _ajck
_bjvq
_cjck
942 _2ddc
_cBOOK
949 _a492.4 L54
_wDEWEY
_c1
_i40238
_lCCODEBUL1
_mBUL
_r0
_sY
_tBOOK
_u2015-6-16
_xTEOLOGIA
_zUNKNOWN
_0COMPRA
_o.STAFF. Colección General
994 _aC0
_bPEPRU
596 _a1
999 _a492.4 L54
_wDEWEY
_c58037
_i40238
_f2021-11-11
_g5
_lCCODEBUL1
_mBUL
_r0
_sY
_tBOOK
_u2015-6-16
_xTEOLOGIA
_zUNKNOWN
_0COMPRA
_o.STAFF. Colección General
_d58037
980 _81
_gALBERTO SANCHEZ Responsable de Automatización